Automobile insurance made easy.

Bibliographic Details
Corporate Author: Texas. Department of Insurance
Format: Government Document Book
Language:English
Published: Austin, Tex. : Texas Dept. of Insurance, 2000.
Subjects:

MARC

Tag First Indicator Second Indicator Subfields
LEADER 00000cam a2200000Ia 4500
001 in00001542016
005 20151022061056.0
008 000508s2000 txu s000 0 eng d
035 |a (OCoLC)ocm44004032 
040 |a IKM  |c IKM  |d TXA  |d UtOrBLW 
049 |a TXAO 
086 0 |a I1100.5 AU82 2000  |2 txdocs 
245 0 0 |a Automobile insurance made easy. 
264 1 |a Austin, Tex. :  |b Texas Dept. of Insurance,  |c 2000. 
300 |a 24 pages ;  |c 28 cm. 
336 |a text  |b txt  |2 rdacontent 
337 |a unmediated  |b n  |2 rdamedia 
338 |a volume  |b nc  |2 rdacarrier 
500 |a Cover title. 
500 |a "cb020.0100"--P. [4] of cover. 
650 0 |a Automobile insurance  |z Texas  |v Handbooks, manuals, etc. 
650 0 |a Liability insurance  |z Texas. 
710 1 |a Texas.  |b Department of Insurance. 
994 |a E0  |b TXA 
999 |a MARS 
999 f f |s c5d9534e-f7f3-3ab9-b0a4-e4bd5eb44f7b  |i 135afd0d-e166-3d48-a429-e9e5fdfcbca3  |t 0 
952 f f |p normal  |a Texas A&M University  |b College Station  |c Sterling C. Evans Library  |d Evans: Texas Documents (Annex 5th floor)  |t 0  |e I1100.5 AU82 2000  |h Other scheme  |i unmediated -- volume  |m A14826204954 
998 f f |a I1100.5 AU82 2000  |t 0  |l Evans: Texas Documents (Annex 5th floor)